000
00172nam a22000857a 4500
082
_a
LEG
100
_a
Legrand
245
_a
The new american machinisti hand book
942
_c
BK
999
_c
15376
_d
15376